Antología educación ambiental y sustentabilidad (Registro nro. 9762)
[ vista simple ]
| 000 -Cabecera | |
|---|---|
| Campo de control de longitud fija | 00797nam a22003017a 4500 |
| 005 - Fecha y hora de la última transacción | |
| Campo de control | 20250729163357.0 |
| 008 - Elementos de longitud fija--Información general | |
| Campo de control de longitud fija | 170821b2017 xxu||||| |||| 00| 0 spa d |
| 020 ## - International Standard Book Number | |
| Número Internacional Estándar del Libro (ISBN) | 9789930543030 |
| 041 ## - Idioma | |
| Código de idioma | Español |
| 082 ## - Clasificación Decimal Dewey | |
| Número de clasificación | 333.72 M385a |
| 100 ## - Entrada principal--Autor personal | |
| Nombre personal | Martínez Castillo, Roger |
| 9 (RLIN) | 43870 |
| 245 ## - Título propiamente dicho | |
| Título | Antología educación ambiental y sustentabilidad |
| 260 ## - Pie de imprenta | |
| Lugar de publicación, distribución, etc. | Costa Rica |
| 260 ## - Pie de imprenta | |
| Nombre del editor, distribuidor, etc. | ATABAL |
| 260 ## - Pie de imprenta | |
| Fecha de publicación, distribución, etc. | 2017 |
| 300 ## - Descripción física | |
| Extensión | 290 páginas |
| 490 ## - Serie | |
| Título de la Serie | Turismo |
| 650 ## - Materia general | |
| Temática (materia general) | EDUCACIÓN AMBIENTAL |
| 650 ## - Materia general | |
| Temática (materia general) | DESARROLLO SOSTENIBLE |
| 650 ## - Materia general | |
| Temática (materia general) | PROTECCIÓN AL MEDIO AMBIENTE |
| 650 ## - Materia general | |
| Temática (materia general) | SOCIEDAD |
| 650 ## - Materia general | |
| Temática (materia general) | CULTURA |
| 650 ## - Materia general | |
| Temática (materia general) | SITUACIÓN SOCIAL |
| 650 ## - Materia general | |
| Temática (materia general) | CULTURA |
| 650 ## - Materia general | |
| Temática (materia general) | SISTEMA EDUCATIVO |
| 650 ## - Materia general | |
| Temática (materia general) | ESTRATEGIA PARA LA EDUCACIÓN AMBIENTAL |
| 942 ## - Punto de acceso adicional KOHA | |
| Tipo de ítem KOHA | Libro |
| Fuente del sistema de clasificación o colocación | Dewey Decimal Classification |
| Signatura completa | Código de barras | Programa Académico | Tipo de ítem |
|---|---|---|---|
| 333.72 M385a | 22562 | Turismo | Libro |